[Event "LV Festival A"]
[Site "Imperia ITA"]
[Date "2013.09.01"]
[Round "1"]
[White "Faraci, Antonino"]
[Black "Mollero, Michele"]
[WhiteElo "2020"]
[BlackElo "2240"]
[Result "1/2-1/2"]
[PlyCount "100"]
[EventDate "2013.09.01"]

1. e4 e5 2. Nc3 Nc6 3. g3 Nf6 4. Bg2 Bc5 5. h3 a6 6. Nge2 d6 7. O-O h5 8. Nd5
Be6 9. Nxf6+ Qxf6 10. d3 O-O-O 11. h4 Qg6 12. c3 d5 13. Qc2 dxe4 14. d4 exd4
15. cxd4 Nxd4 16. Nxd4 Bxd4 17. Bf4 Rd7 18. Rac1 Bd5 19. Bxc7 Bc6 20. Bf4 Re8
21. Qb3 Ba7 22. Rfe1 f5 23. Bf1 e3 24. fxe3 Qe6 25. Qxe6 Rxe6 26. Rc2 Kd8 27.
Bc4 Bd5 28. Bxd5 Rxd5 29. Kf2 Rc6 30. Ree2 Rxc2 31. Rxc2 Bb6 32. Kf3 Kd7 33. b3
g6 34. Ke2 Ba5 35. b4 Bd8 36. a3 b5 37. Ra2 Kc6 38. Rc2+ Kb7 39. e4 fxe4 40.
Ke3 Rd3+ 41. Kxe4 Rxa3 42. Rd2 Kc8 43. Rd6 Rb3 44. Rxa6 Rxb4+ 45. Kd5 Ra4 46.
Rxg6 Bxh4 47. Rg8+ Kd7 48. Rg7+ Kd8 49. Be5 Be7 50. Rh7 b4 1/2-1/2

[Event "LV Festival A"]
[Site "Imperia ITA"]
[Date "2013.09.01"]
[Round "1"]
[White "Jirovsky, Milos"]
[Black "Spinelli, Doriano"]
[WhiteElo "2478"]
[BlackElo "2107"]
[Result "1-0"]
[PlyCount "61"]
[EventDate "2013.09.01"]

1. Nf3 d5 2. c4 e6 3. g3 Nf6 4. Bg2 Be7 5. O-O O-O 6. d4 dxc4 7. Ne5 Nc6 8.
Bxc6 bxc6 9. Nxc6 Qe8 10. Nxe7+ Qxe7 11. Qa4 c5 12. Qxc4 cxd4 13. Qxd4 e5 14.
Qh4 Rb8 15. Nc3 Rb4 16. e4 Qb7 17. f3 Qb6+ 18. Rf2 Rd8 19. g4 Bb7 20. Kg2 Rd3
21. Re2 h6 22. Qf2 Qe6 23. h3 h5 24. Qh4 hxg4 25. hxg4 Qc4 26. Qe1 Qe6 27. Qh4
Qc4 28. Rf2 Nxe4 29. fxe4 Bxe4+ 30. Kg1 Rxc3 31. Qd8+ 1-0

[Event "LV Festival A"]
[Site "Imperia ITA"]
[Date "2013.09.01"]
[Round "1"]
[White "Jurek, Josef"]
[Black "Cugini, Verter"]
[WhiteElo "2260"]
[BlackElo "2041"]
[Result "1/2-1/2"]
[PlyCount "147"]
[EventDate "2013.09.01"]

1. Nf3 g6 2. d4 Bg7 3. c4 c5 4. d5 e5 5. e4 d6 6. Nc3 Ne7 7. Be2 Bg4 8. Be3 Nd7
9. Nd2 Bxe2 10. Qxe2 a6 11. O-O O-O 12. Rab1 f5 13. f3 Nf6 14. b4 b6 15. a4 Qd7
16. a5 cxb4 17. Rxb4 bxa5 18. Ra4 fxe4 19. fxe4 Ng4 20. Rxf8+ Rxf8 21. h3 Nxe3
22. Qxe3 Qc7 23. Nb3 Nc8 24. Nxa5 Nb6 25. Rb4 Nxd5 26. Nxd5 Qxa5 27. Kh2 Qd8
28. Rb6 Rf7 29. Rxa6 Bf8 30. Qa3 Qh4 31. Ra7 Qf2 32. Rxf7 Qxf7 33. Qa8 Kg7 34.
Qd8 h6 35. Kg1 Qa7+ 36. Kh1 Qf2 37. Qd7+ Qf7 38. Qg4 Be7 39. Kh2 Bg5 40. h4
Bf4+ 41. g3 Bc1 42. Kg2 Ba3 43. h5 Bc5 44. Qxg6+ Qxg6 45. hxg6 Kxg6 46. Kf3 Kg5
47. Ne7 h5 48. Nf5 Bb4 49. Nh4 Bc5 50. Kg2 Kg4 51. Nf3 Bb6 52. Nh2+ Kg5 53. Kh3
Bf2 54. Nf3+ Kh6 55. Nh4 Kg5 56. Nf5 Bc5 57. Ng7 Bb4 58. Ne6+ Kg6 59. Nc7 Kg5
60. Ne6+ Kg6 61. g4 hxg4+ 62. Kxg4 Kf6 63. Nc7 Ba3 64. Kh5 Ke7 65. Nd5+ Kd7 66.
Kg6 Kc6 67. Kf5 Kc5 68. Ne3 Bc1 69. Nd5 Kxc4 70. Nc7 Bd2 71. Nd5 Ba5 72. Ne3+
Kd4 73. Nd5 Bd8 74. Nb4 1/2-1/2

[Event "LV Festival A"]
[Site "Imperia ITA"]
[Date "2013.09.01"]
[Round "1"]
[White "Lezzerini, Marco"]
[Black "Pesce, Gabriele"]
[WhiteElo "1960"]
[BlackElo "2198"]
[Result "1/2-1/2"]
[PlyCount "143"]
[EventDate "2013.09.01"]

1. d4 Nf6 2. c4 d6 3. Nc3 Nc6 4. e4 e5 5. Nge2 g6 6. f3 Bg7 7. Be3 a6 8. d5 Ne7
9. Nc1 O-O 10. Be2 Nh5 11. Nd3 f5 12. O-O c5 13. dxc6 bxc6 14. Qd2 Be6 15. Nb4
Nf4 16. Rfd1 Nxe2+ 17. Qxe2 Qb8 18. a3 a5 19. Nba2 fxe4 20. Nxe4 Nf5 21. Bf2
Qb3 22. Nxd6 Nxd6 23. Rxd6 Bxc4 24. Nc1 Qb5 25. Qd2 a4 26. Nd3 Rad8 27. Nb4
Rxd6 28. Qxd6 e4 29. fxe4 Bxb2 30. Bc5 Qb8 31. Qxf8+ Qxf8 32. Bxf8 Bxa1 33. Bc5
Bb5 34. Kf2 Bb2 35. Nc2 Bd3 36. Nd4 Bxe4 37. g3 Bc1 38. Ke2 Kf7 39. Kf2 Kf6 40.
h4 Ke5 41. Ne2 Bd2 42. Nf4 h6 43. Be7 Bf5 44. Kf3 Bc2 45. Ke2 Bc1 46. Kf3 Bf5
47. Ne2 Be4+ 48. Kf2 Bd2 49. Nf4 Bxf4 50. gxf4+ Kxf4 51. Bf8 Kg4 52. Bxh6 Kxh4
53. Be3 g5 54. Bb6 g4 55. Ba7 Kh3 56. Kg1 g3 57. Bb6 Bd3 58. Bc5 g2 59. Bd6 Bf1
60. Bc5 Kg3 61. Ba7 Kf3 62. Bb6 Ke4 63. Kf2 Kd5 64. Be3 c5 65. Ke1 c4 66. Kd2
Ke4 67. Bb6 Kf3 68. Bc5 Bd3 69. Bb6 Kg3 70. Bg1 Bf5 71. Kc3 Be6 72. Kd2 1/2-1/2

[Event "LV Festival A"]
[Site "Imperia ITA"]
[Date "2013.09.01"]
[Round "1"]
[White "Simoncini, Francesco"]
[Black "Di Paolo, Raffaele"]
[WhiteElo "2043"]
[BlackElo "2263"]
[Result "0-1"]
[PlyCount "62"]
[EventDate "2013.09.01"]

1. e4 e6 2. d4 d5 3. Nd2 Be7 4. Bd3 c5 5. c3 cxd4 6. cxd4 dxe4 7. Nxe4 Nc6 8.
Nf3 Nf6 9. a3 O-O 10. Bc2 Qa5+ 11. Bd2 Qa6 12. Bg5 Nxe4 13. Bxe7 Nxe7 14. Bxe4
Bd7 15. Ne5 Bc6 16. Bd3 Bb5 17. O-O Bxd3 18. Nxd3 Rad8 19. Nc5 Qb6 20. b4 Nc6
21. Qf3 Rd5 22. Rfd1 Nxd4 23. Qe4 Rfd8 24. Re1 Qb5 25. Rac1 h6 26. h3 a5 27.
Rcd1 Ne2+ 28. Kh2 Rxd1 29. Rxe2 axb4 30. axb4 b6 31. Nb7 R8d4 0-1

[Event "LV Festival A"]
[Site "Imperia ITA"]
[Date "2013.09.01"]
[Round "1"]
[White "Stoppa, Omar"]
[Black "Finocchiaro, Gianluca"]
[WhiteElo "2283"]
[BlackElo "2084"]
[Result "1/2-1/2"]
[PlyCount "26"]
[EventDate "2013.09.01"]

1. e4 d5 2. exd5 Qxd5 3. Nc3 Qa5 4. b4 Qxb4 5. Rb1 Qd6 6. Nf3 Nf6 7. Bc4 e6 8.
O-O a6 9. d4 Be7 10. Re1 O-O 11. Qe2 Nc6 12. Ne4 Nxd4 13. Qd3 Nxe4 1/2-1/2

[Event "LV Festival A"]
[Site "Imperia ITA"]
[Date "2013.09.02"]
[Round "2"]
[White "Ahner, Thomas"]
[Black "Pagano, Sergio"]
[WhiteElo "2148"]
[BlackElo "1992"]
[Result "1-0"]
[PlyCount "45"]
[EventDate "2013.09.01"]

1. e4 c6 2. d4 d5 3. Nc3 dxe4 4. Nxe4 h6 5. Ng3 Nf6 6. Bc4 Bf5 7. Nxf5 Qa5+ 8.
c3 Qxf5 9. Qb3 Ne4 10. Qxb7 Qxf2+ 11. Kd1 Nd6 12. Qxa8 Qxg2 13. Qxb8+ Kd7 14.
Qxa7+ Ke8 15. d5 Qxh1 16. Qa8+ Kd7 17. Qxc6+ Kd8 18. Be3 e6 19. Bd3 Ke7 20.
Qc7+ Kf6 21. Qd8+ Ke5 22. Bd4+ Kf4 23. Qh4# 1-0

[Event "LV Festival A"]
[Site "Imperia ITA"]
[Date "2013.09.02"]
[Round "2"]
[White "Astengo, Marcello"]
[Black "Stoppa, Omar"]
[WhiteElo "2057"]
[BlackElo "2283"]
[Result "1-0"]
[PlyCount "61"]
[EventDate "2013.09.01"]

1. d4 Nf6 2. c4 c5 3. d5 b5 4. cxb5 a6 5. f3 e6 6. e4 axb5 7. Bxb5 Qb6 8. Nc3
exd5 9. exd5 Bd6 10. Bg5 Be5 11. Qe2 Kd8 12. Qc4 Ba6 13. Nge2 h6 14. Be3 Re8
15. Kf2 d6 16. a4 Nbd7 17. b4 Bxc3 18. bxc5 dxc5 19. Nxc3 Rxe3 20. Kxe3 Ne5 21.
Qf4 c4+ 22. Ke2 Qd6 23. Rhd1 Ra7 24. Kf1 g5 25. Qd4 Re7 26. Bxa6 Nxf3 27. gxf3
Qxh2 28. Qb6+ Ke8 29. Qg1 Qb2 30. Re1 Qxc3 31. Rxe7+ 1-0

[Event "LV Festival A"]
[Site "Imperia ITA"]
[Date "2013.09.02"]
[Round "2"]
[White "Cugini, Verter"]
[Black "Cereda, Loris"]
[WhiteElo "2041"]
[BlackElo "2204"]
[Result "1-0"]
[PlyCount "75"]
[EventDate "2013.09.01"]

1. e4 e5 2. Nf3 Nc6 3. d4 exd4 4. Nxd4 Nf6 5. Nxc6 bxc6 6. e5 Qe7 7. Qe2 Nd5 8.
c4 Nb6 9. Nd2 Qe6 10. Nf3 Bb4+ 11. Bd2 Bxd2+ 12. Nxd2 O-O 13. f4 d5 14. O-O-O
a5 15. Qf3 Ba6 16. cxd5 cxd5 17. Bxa6 Rxa6 18. Nb3 c5 19. Kb1 Rc8 20. Rhe1 Qf5+
21. Ka1 a4 22. g4 Qd7 23. Nd2 c4 24. Nb1 a3 25. b3 d4 26. bxc4 Rxc4 27. Rd3 Nd5
28. Nd2 Rc3 29. Rb1 h6 30. Rb8+ Kh7 31. Qe4+ g6 32. Qxd4 Rc1+ 33. Nb1 Qc7 34.
Rdb3 Rc2 35. e6 Rxa2+ 36. Kxa2 Qc2+ 37. Ka1 f6 38. R3b7+ 1-0

[Event "LV Festival A"]
[Site "Imperia ITA"]
[Date "2013.09.02"]
[Round "2"]
[White "Di Paolo, Raffaele"]
[Black "Raineri, Valerio"]
[WhiteElo "2263"]
[BlackElo "2125"]
[Result "1-0"]
[PlyCount "73"]
[EventDate "2013.09.01"]

1. e4 e5 2. Nf3 Nc6 3. d4 exd4 4. Nxd4 Bc5 5. Nxc6 Qf6 6. Qf3 dxc6 7. Be2 Be6
8. Nd2 Qxf3 9. gxf3 Nf6 10. Rg1 g6 11. Nb3 Be7 12. Be3 a6 13. Nc5 Bc8 14. O-O-O
Nd7 15. Nb3 Bd6 16. f4 c5 17. e5 Be7 18. Na5 Nf8 19. Bf3 Rb8 20. Rd3 Ne6 21.
Rb3 Nd8 22. c4 O-O 23. h4 b6 24. h5 Bf5 25. Bd5 Kg7 26. Bd2 h6 27. Nc6 Nxc6 28.
Bxc6 Rfc8 29. Rbg3 b5 30. hxg6 fxg6 31. Rxg6+ Bxg6 32. f5 Bg5 33. Bxg5 hxg5 34.
Rxg5 Rb6 35. Rxg6+ Kh7 36. Re6 bxc4 37. Bd7 1-0

[Event "LV Festival A"]
[Site "Imperia ITA"]
[Date "2013.09.02"]
[Round "2"]
[White "Dolezal, Radoslav jr"]
[Black "Krouzel, Jaroslav"]
[WhiteElo "2368"]
[BlackElo "2125"]
[Result "1/2-1/2"]
[PlyCount "22"]
[EventDate "2013.09.01"]

1. d4 d5 2. Nf3 Nf6 3. Bf4 c6 4. e3 Bg4 5. Nbd2 e6 6. c3 Bd6 7. Bxd6 Qxd6 8.
Be2 O-O 9. Ne5 Bxe2 10. Qxe2 Nbd7 11. Nxd7 Qxd7 1/2-1/2

[Event "LV Festival A"]
[Site "Imperia ITA"]
[Date "2013.09.02"]
[Round "2"]
[White "Dritsakos, Alessio"]
[Black "Jurek, Josef"]
[WhiteElo "2002"]
[BlackElo "2260"]
[Result "0-1"]
[PlyCount "61"]
[EventDate "2013.09.01"]

1. e4 e6 2. Nf3 d5 3. Nc3 Nf6 4. e5 Nfd7 5. d4 c5 6. dxc5 Nc6 7. Bf4 Bxc5 8.
Bd3 f6 9. exf6 Nxf6 10. Qe2 O-O 11. O-O a6 12. a3 Qe7 13. Rfe1 Bd7 14. b4 Bb6
15. Rad1 Rac8 16. Na2 Be8 17. Qxe6+ Qxe6 18. Rxe6 Bh5 19. Be3 d4 20. Bc4 Bf7
21. Bf4 Bc7 22. Bxc7 Rxc7 23. Ng5 Na5 24. Nxf7 Nxc4 25. Ng5 Nxa3 26. Re2 Rxc2
27. Rxc2 Nxc2 28. g3 Rc8 29. Ne6 Rc4 30. Rd2 Ne4 31. Re2 0-1

[Event "LV Festival A"]
[Site "Imperia ITA"]
[Date "2013.09.02"]
[Round "2"]
[White "Finocchiaro, Gianluca"]
[Black "Angelini, Marco"]
[WhiteElo "2084"]
[BlackElo "2267"]
[Result "0-1"]
[PlyCount "48"]
[EventDate "2013.09.01"]

1. d4 d5 2. e4 dxe4 3. Nc3 Nf6 4. f3 exf3 5. Nxf3 Bg4 6. Bc4 e6 7. h3 Bh5 8. g4
Bg6 9. Ne5 Nbd7 10. Qf3 c6 11. Bg5 Be7 12. O-O-O Nxe5 13. dxe5 Nd5 14. Bd2 Qc7
15. Bxd5 cxd5 16. h4 h5 17. Qe3 hxg4 18. h5 Bf5 19. Rdf1 Qc5 20. Qxc5 Bxc5 21.
Nxd5 Rc8 22. h6 gxh6 23. Nf6+ Ke7 24. Bxh6 Rxh6 0-1

[Event "LV Festival A"]
[Site "Imperia ITA"]
[Date "2013.09.02"]
[Round "2"]
[White "Melone, Antonio"]
[Black "Jirovsky, Milos"]
[WhiteElo "2125"]
[BlackElo "2478"]
[Result "0-1"]
[PlyCount "110"]
[EventDate "2013.09.01"]

1. d4 d5 2. c4 e6 3. Nc3 c6 4. Nf3 dxc4 5. a4 Bb4 6. Bd2 c5 7. e3 cxd4 8. Nxd4
Nf6 9. Bxc4 O-O 10. O-O Nc6 11. Nxc6 bxc6 12. Qc2 Rb8 13. Rfd1 Qa5 14. Ne2 c5
15. Bc3 Bxc3 16. Nxc3 Bb7 17. e4 Qc7 18. b3 Ng4 19. g3 Ne5 20. Be2 a6 21. Rac1
Rfc8 22. Nb1 Qb6 23. Nd2 h6 24. Nc4 Nxc4 25. Bxc4 Rd8 26. h4 Rd4 27. Rxd4 cxd4
28. Qd3 Rd8 29. Kh2 Qd6 30. Re1 a5 31. Kg1 Bc8 32. Kh2 e5 33. Kg2 Be6 34. Bb5
Rc8 35. Bc4 Bxc4 36. bxc4 Qb4 37. Rc1 Qxa4 38. f4 exf4 39. Qxd4 fxg3 40. Kxg3
Qb4 41. Kf2 a4 42. Qc3 Qc5+ 43. Qe3 Qe7 44. c5 Qxh4+ 45. Ke2 Qh2+ 46. Kd3 a3
47. Qd4 a2 48. Qd7 Qb8 49. Kc4 Qa8 50. e5 Qe4+ 51. Qd4 Qb1 52. Qa1 Rb8 53. c6
Qb3+ 54. Kd4 Rd8+ 55. Ke4 Qd3+ 0-1

[Event "LV Festival A"]
[Site "Imperia ITA"]
[Date "2013.09.02"]
[Round "2"]
[White "Pesce, Gabriele"]
[Black "Castelfranchi, Carlo"]
[WhiteElo "2198"]
[BlackElo "2066"]
[Result "1/2-1/2"]
[PlyCount "44"]
[EventDate "2013.09.01"]

1. e4 Nf6 2. Nc3 d5 3. e5 Ne4 4. Nxe4 dxe4 5. d4 exd3 6. Qxd3 Qxd3 7. Bxd3 Nc6
8. Bf4 g6 9. Nf3 Bg7 10. O-O-O O-O 11. Be4 Bg4 12. Rd5 Rfd8 13. Rc5 Bxf3 14.
gxf3 Nd4 15. Be3 c6 16. c3 Ne6 17. Ra5 b6 18. Ra4 Bxe5 19. Bxc6 Rac8 20. Bb5
Rc7 21. Re4 Bf6 22. Kc2 Nd4+ 1/2-1/2

[Event "LV Festival A"]
[Site "Imperia ITA"]
[Date "2013.09.02"]
[Round "2"]
[White "Poloch, Petr"]
[Black "Faraci, Antonino"]
[WhiteElo "2267"]
[BlackElo "2020"]
[Result "1-0"]
[PlyCount "97"]
[EventDate "2013.09.01"]

1. c4 e5 2. Nc3 Nc6 3. Nf3 g6 4. d4 exd4 5. Nxd4 Bg7 6. Nxc6 bxc6 7. g3 Ne7 8.
Bg2 Rb8 9. Qa4 O-O 10. Qxa7 Bb7 11. O-O Nf5 12. Qa4 Ra8 13. Qc2 Ba6 14. e3 Bxc4
15. Rd1 Qe7 16. b3 Be6 17. Bb2 Nd6 18. Re1 Ra5 19. Na4 Bxb2 20. Qxb2 Rb8 21.
Qc3 Rh5 22. Bf3 Rhb5 23. Nc5 Nf5 24. Ne4 Ng7 25. Be2 Rb4 26. Nf6+ Kh8 27. e4 c5
28. Bf1 Rd4 29. e5 Ne8 30. Ne4 d6 31. exd6 cxd6 32. Rad1 Rbb4 33. Bc4 Rb8 34.
Rxd4 cxd4 35. Qxd4+ Kg8 36. Nc3 Qd7 37. Bxe6 fxe6 38. Ne4 Rc8 39. Ng5 e5 40.
Qd5+ Kg7 41. Ne4 Rc2 42. a4 Qa7 43. Rf1 Qe7 44. a5 Kf8 45. b4 Nf6 46. Nxf6 Qxf6
47. a6 Rc7 48. b5 Ra7 49. Rd1 1-0

[Event "LV Festival A"]
[Site "Imperia ITA"]
[Date "2013.09.02"]
[Round "2"]
[White "Restifo, Katiuscia"]
[Black "Gioseffi, Massimiliano"]
[WhiteElo "1869"]
[BlackElo "2171"]
[Result "0-1"]
[PlyCount "100"]
[EventDate "2013.09.01"]

1. e4 c5 2. Nf3 e6 3. b3 b6 4. Bb2 Bb7 5. e5 Nc6 6. Qe2 Nge7 7. Na3 Nf5 8. Nc4
Qc7 9. c3 h5 10. g3 b5 11. Na3 a6 12. Rg1 f6 13. exf6 gxf6 14. Bh3 Ne5 15. Bg2
Nxf3+ 16. Bxf3 Bxf3 17. Qxf3 Qc6 18. Qe2 Be7 19. O-O-O O-O-O 20. Kb1 Kb7 21. d4
cxd4 22. cxd4 Qd5 23. Nc2 Rc8 24. f3 Nd6 25. Ne3 Qg5 26. Rge1 Qg6+ 27. Ka1 Bd8
28. Qd2 Nf5 29. Qd3 Ne7 30. Qd2 d5 31. Re2 Nc6 32. Ba3 Ba5 33. b4 Bb6 34. Bb2
Rhe8 35. Ng2 a5 36. Nf4 Qf5 37. Bc3 axb4 38. Bxb4 Nxd4 39. g4 hxg4 40. fxg4
Qxg4 41. Rg2 Qf5 42. Rg7+ Ka8 43. Bc3 Rc4 44. Nd3 Rec8 45. Ba5 Nc2+ 46. Kb2
Bd4+ 47. Kb3 Be3 48. Qg2 Nd4+ 49. Ka3 Qxd3+ 50. Rxd3 Bc1+ 0-1

[Event "LV Festival A"]
[Site "Imperia ITA"]
[Date "2013.09.02"]
[Round "2"]
[White "Spinelli, Doriano"]
[Black "Di Lascio, Savino"]
[WhiteElo "2107"]
[BlackElo "1900"]
[Result "0-1"]
[PlyCount "52"]
[EventDate "2013.09.01"]

1. e4 c6 2. d3 d5 3. Nd2 e5 4. Ngf3 Bd6 5. Be2 Ne7 6. O-O O-O 7. Re1 Nd7 8. Bf1
f5 9. exd5 cxd5 10. c4 e4 11. Nd4 Nf6 12. cxd5 Nexd5 13. dxe4 fxe4 14. Nxe4
Bxh2+ 15. Kh1 Nxe4 16. Rxe4 Nf6 17. Bg5 Qd5 18. Bxf6 Qxe4 19. Qb3+ Kh8 20. Nf3
Be6 21. Bxg7+ Kxg7 22. Qc3+ Be5 23. Nxe5 Qh4+ 24. Kg1 Qxf2+ 25. Kh1 Rac8 26.
Bc4 Rf6 0-1

[Event "LV Festival A"]
[Site "Imperia ITA"]
[Date "2013.09.02"]
[Round "2"]
[White "Yao, Stefano"]
[Black "Manfredi, Vincenzo"]
[WhiteElo "1976"]
[BlackElo "2229"]
[Result "1-0"]
[PlyCount "91"]
[EventDate "2013.09.01"]

1. Nf3 Nf6 2. c4 g6 3. g3 Bg7 4. Bg2 O-O 5. O-O d6 6. d4 Nbd7 7. Nc3 e5 8. e4
c6 9. h3 exd4 10. Nxd4 Re8 11. Re1 a5 12. b3 Nc5 13. Rb1 Nfd7 14. Be3 Ne5 15.
Qc2 a4 16. Red1 axb3 17. axb3 Qe7 18. f4 Ned7 19. Bf2 Ra3 20. Ra1 Ra6 21. b4
Rxa1 22. Rxa1 Ne6 23. Rd1 Nxd4 24. Bxd4 d5 25. Bxg7 Kxg7 26. Qb2 Kg8 27. cxd5
Nb6 28. d6 Qd8 29. e5 Be6 30. Ne4 Nd7 31. Qd4 b6 32. Ra1 Qb8 33. Ng5 c5 34. Qd2
Bb3 35. Qc3 Be6 36. Nxe6 fxe6 37. Ra8 Qxa8 38. Bxa8 Rxa8 39. Qc4 Kf7 40. g4 Ra4
41. f5 gxf5 42. gxf5 Nf8 43. fxe6+ Nxe6 44. d7 Ra8 45. Qf1+ Kg8 46. Qg2+ 1-0

[Event "LV Festival A"]
[Site "Imperia ITA"]
[Date "2013.09.03"]
[Round "3"]
[White "Angelini, Marco"]
[Black "Cugini, Verter"]
[WhiteElo "2267"]
[BlackElo "2041"]
[Result "1-0"]
[PlyCount "73"]
[EventDate "2013.09.01"]

1. e4 e6 2. d4 d5 3. exd5 exd5 4. Nc3 c6 5. Bd3 Bd6 6. h3 Ne7 7. Bg5 f6 8. Be3
Bf5 9. Bxf5 Nxf5 10. Qf3 Nxe3 11. fxe3 O-O 12. e4 Bb4 13. exd5 Bxc3+ 14. bxc3
Re8+ 15. Ne2 Qxd5 16. Qxd5+ cxd5 17. Rb1 Nd7 18. Rxb7 Rab8 19. Rxb8 Rxb8 20.
Kd2 Rb2 21. a4 g5 22. Ng3 Kf7 23. Nf5 Rb6 24. Re1 Re6 25. Ne3 Rd6 26. g4 Nb6
27. a5 Nc4+ 28. Nxc4 dxc4 29. Rb1 Rd7 30. Rb4 Rc7 31. Ke3 Kg6 32. d5 Rc5 33.
Ke4 Rxa5 34. Rxc4 h6 35. Rc7 Ra1 36. c4 a5 37. c5 1-0

[Event "LV Festival A"]
[Site "Imperia ITA"]
[Date "2013.09.03"]
[Round "3"]
[White "Cavatorta, Fosco"]
[Black "Pesce, Gabriele"]
[WhiteElo "1919"]
[BlackElo "2198"]
[Result "0-1"]
[PlyCount "72"]
[EventDate "2013.09.01"]

1. d4 Nf6 2. Nf3 g6 3. Nc3 d5 4. Bf4 Bg7 5. e3 c6 6. Qd2 O-O 7. Be2 b5 8. Ne5
Nfd7 9. Ng4 f6 10. h4 Nb6 11. b3 Bxg4 12. Bxg4 f5 13. Be2 N8d7 14. a4 b4 15.
Na2 a5 16. c3 e5 17. Bg3 bxc3 18. Nxc3 f4 19. Bh2 fxe3 20. fxe3 exd4 21. exd4
Qxh4+ 22. Kd1 Qxd4 23. Qxd4 Bxd4 24. Rc1 Rf2 25. Bg1 Rf4 26. g3 Bxg1 27. gxf4
Be3 28. Rc2 Bxf4 29. Bg4 Ne5 30. Be6+ Kg7 31. Ne2 Be3 32. Rh3 d4 33. Rc5 Nd3
34. Rxc6 Nf2+ 35. Kc2 Nxh3 36. Rxb6 d3+ 0-1

[Event "LV Festival A"]
[Site "Imperia ITA"]
[Date "2013.09.03"]
[Round "3"]
[White "Cereda, Loris"]
[Black "Lezzerini, Marco"]
[WhiteElo "2204"]
[BlackElo "1960"]
[Result "1/2-1/2"]
[PlyCount "62"]
[EventDate "2013.09.01"]

1. e4 d6 2. d4 Nf6 3. Nd2 g6 4. Ngf3 Bg7 5. Bd3 O-O 6. O-O Nc6 7. c3 e5 8. Re1
Nh5 9. dxe5 dxe5 10. Qc2 Nf4 11. Bc4 Na5 12. Bf1 Be6 13. b4 Nc6 14. Nc4 Bg4 15.
b5 Bxf3 16. bxc6 Qg5 17. Bxf4 exf4 18. Kh1 b5 19. Na3 b4 20. gxf3 bxa3 21. Rab1
Qc5 22. Rb3 a5 23. Reb1 a4 24. Rb4 Qxc3 25. Qxc3 Bxc3 26. Rb7 Ba5 27. Bb5 Bb6
28. Rb4 Rfd8 29. Rxa4 Rxa4 30. Bxa4 Rd4 31. Bb3 Rd8 1/2-1/2

[Event "LV Festival A"]
[Site "Imperia ITA"]
[Date "2013.09.03"]
[Round "3"]
[White "De Barberis, Massimo"]
[Black "Sanchez, Joseph"]
[WhiteElo "2102"]
[BlackElo "2547"]
[Result "0-1"]
[PlyCount "54"]
[EventDate "2013.09.01"]

1. e4 d5 2. exd5 Nf6 3. Nc3 Nxd5 4. Bc4 c6 5. d4 Bf5 6. Nf3 e6 7. O-O Nd7 8.
Ne2 Bd6 9. Ng3 Bg6 10. c3 O-O 11. Re1 Qc7 12. Nh4 Rfe8 13. Nxg6 hxg6 14. Bd2 b5
15. Bf1 a5 16. Qf3 Rab8 17. h3 c5 18. Ne4 cxd4 19. cxd4 b4 20. Rac1 Qb6 21. Bb5
Red8 22. Rc6 Bh2+ 23. Kxh2 Qxb5 24. Rec1 N5f6 25. Bf4 Nxe4 26. Bxb8 Qxb8+ 27.
g3 Ndf6 0-1

[Event "LV Festival A"]
[Site "Imperia ITA"]
[Date "2013.09.03"]
[Round "3"]
[White "Gioseffi, Massimiliano"]
[Black "Di Paolo, Raffaele"]
[WhiteElo "2171"]
[BlackElo "2263"]
[Result "1/2-1/2"]
[PlyCount "42"]
[EventDate "2013.09.01"]

1. d4 e6 2. c4 f5 3. g3 Nf6 4. Bg2 d5 5. Nh3 c6 6. b3 Bd6 7. Bf4 Be7 8. O-O O-O
9. Bc1 Ne4 10. f3 Nd6 11. Qc2 a5 12. Nd2 Na6 13. Bb2 Nb4 14. Qc1 Bd7 15. a3 Na6
16. Qc2 Rc8 17. c5 Nb5 18. Rac1 Bf6 19. e3 Qe7 20. f4 Be8 21. Nf3 Bh5 1/2-1/2

[Event "LV Festival A"]
[Site "Imperia ITA"]
[Date "2013.09.03"]
[Round "3"]
[White "Jurek, Josef"]
[Black "Astengo, Marcello"]
[WhiteElo "2260"]
[BlackElo "2057"]
[Result "1-0"]
[PlyCount "149"]
[EventDate "2013.09.01"]

1. d4 d5 2. c4 c6 3. Nf3 Nf6 4. e3 e6 5. Bd3 Nbd7 6. O-O Be7 7. Nc3 O-O 8. b3
b6 9. Bb2 Bb7 10. Qe2 dxc4 11. bxc4 c5 12. Rfd1 cxd4 13. exd4 Re8 14. Rac1 Qc7
15. Nb5 Qf4 16. Qe3 Qxe3 17. fxe3 Red8 18. h3 Ne4 19. d5 Nec5 20. Bb1 Bf6 21.
Ba3 a6 22. Nd6 Rab8 23. Nxb7 Rxb7 24. Nd4 exd5 25. cxd5 Re8 26. Kf2 g6 27. Rc3
Bh4+ 28. g3 Bg5 29. Bc2 Ne4+ 30. Bxe4 Rxe4 31. Bd6 Nf6 32. Rc8+ Ne8 33. Nc2 Kg7
34. Ba3 Rd7 35. Kf3 f5 36. Rd4 Nf6 37. d6 Re8 38. Rc6 Rb8 39. Rd3 Ne4 40. Rc7
Rbd8 41. Nd4 Kf6 42. h4 Rxc7 43. dxc7 Rc8 44. hxg5+ Nxg5+ 45. Kg2 Ne4 46. Bb2
Kf7 47. Ra3 Nc5 48. Nb3 Rxc7 49. Nxc5 Rxc5 50. Bd4 Ra5 51. Rxa5 bxa5 52. Kf3
Ke6 53. Ke2 h5 54. Kd3 g5 55. Bb6 h4 56. gxh4 gxh4 57. Bc7 Kd5 58. Bb8 Kc5 59.
Ke2 Kc4 60. Kf3 Kd3 61. a4 Kc4 62. Kf4 Kd3 63. Kf3 Kc4 64. Be5 Kb4 65. Kf4 Kxa4
66. Kxf5 Kb3 67. Kg4 Kc4 68. Kxh4 Kd3 69. Bd4 a4 70. Kg3 Ke4 71. Kf2 Kd3 72.
Kf3 a3 73. Ba1 a5 74. e4 Kc4 75. e5 1-0

[Event "LV Festival A"]
[Site "Imperia ITA"]
[Date "2013.09.03"]
[Round "3"]
[White "Krouzel, Jaroslav"]
[Black "Poloch, Petr"]
[WhiteElo "2125"]
[BlackElo "2267"]
[Result "1/2-1/2"]
[PlyCount "61"]
[EventDate "2013.09.01"]

1. d4 Nf6 2. c4 e6 3. Nc3 Bb4 4. Bg5 c5 5. d5 b5 6. e4 h6 7. Bxf6 Qxf6 8. Rc1
O-O 9. Nf3 exd5 10. Qxd5 Qb6 11. Bd3 Bb7 12. Qf5 bxc4 13. Bxc4 Ba6 14. Qd5 Qe6
15. Qxe6 fxe6 16. Bxa6 Nxa6 17. e5 Rab8 18. b3 c4 19. O-O cxb3 20. axb3 Nc5 21.
Na4 Rfc8 22. Nxc5 Rxc5 23. h4 Rbc8 24. Rxc5 Rxc5 25. Rd1 Rc7 26. h5 a5 27. Kf1
Kf7 28. Nd4 Ke7 29. Ne2 Rc5 30. f4 Bc3 31. Rd3 1/2-1/2

[Event "LV Festival A"]
[Site "Imperia ITA"]
[Date "2013.09.03"]
[Round "3"]
[White "Mollero, Michele"]
[Black "Dolezal, Radoslav jr"]
[WhiteElo "2240"]
[BlackElo "2368"]
[Result "1/2-1/2"]
[PlyCount "63"]
[EventDate "2013.09.01"]

1. d4 Nf6 2. Nf3 e6 3. g3 b5 4. a4 b4 5. Bg2 Bb7 6. c4 bxc3 7. bxc3 c5 8. O-O
Nc6 9. Ba3 Qc7 10. Nbd2 Na5 11. Re1 Ne4 12. Nxe4 Bxe4 13. Nd2 Bxg2 14. Kxg2 Be7
15. e4 O-O 16. d5 Rfb8 17. Qe2 Bf8 18. c4 Nb3 19. Nxb3 Rxb3 20. Reb1 Rab8 21.
Rxb3 Rxb3 22. Qc2 Qb8 23. Ra2 a6 24. Rb2 Rxb2 25. Qxb2 Qxb2 26. Bxb2 f6 27. g4
Bd6 28. h3 Kf7 29. dxe6+ dxe6 30. Kf3 e5 31. Bc1 g5 32. Be3 1/2-1/2

[Event "LV Festival A"]
[Site "Imperia ITA"]
[Date "2013.09.03"]
[Round "3"]
[White "Raineri, Valerio"]
[Black "Restifo, Katiuscia"]
[WhiteElo "2125"]
[BlackElo "1869"]
[Result "1-0"]
[PlyCount "85"]
[EventDate "2013.09.01"]

1. e4 c5 2. Nf3 d6 3. d4 cxd4 4. Nxd4 Nf6 5. Nc3 e6 6. Be3 Be7 7. f3 Nc6 8. Qd2
d5 9. Bb5 Bd7 10. exd5 exd5 11. O-O-O O-O 12. Nb3 a6 13. Be2 Be6 14. g4 b5 15.
g5 b4 16. gxf6 bxc3 17. Qxc3 Nb4 18. fxe7 Nxa2+ 19. Kd2 Qxe7 20. Qc5 Qb7 21.
Rhg1 Rac8 22. Qd4 f6 23. Nc5 Qe7 24. Ra1 Nb4 25. Qxb4 d4 26. Bxd4 Rfd8 27. Kc1
Bf5 28. Bc4+ Kh8 29. Bb3 Qd6 30. Rd1 Qf4+ 31. Kb1 Qxf3 32. Ka2 a5 33. Qc3 Qc6
34. Rf1 Rxd4 35. Qxd4 Bg6 36. Rad1 h6 37. Rg1 Be8 38. Qd6 Qxc5 39. Qxc5 Rxc5
40. Rd8 Re5 41. Ba4 Kh7 42. Bxe8 g5 43. Bh5 1-0